[Event "Oberliga Ost A 2017 2018"]
[Site "Germany"]
[Date "2017.11.12"]
[Round "3.2"]
[White "Jurasek, Miroslav"]
[Black "Schubert, Ralf"]
[Result "1-0"]
[WhiteElo "2276"]
[BlackElo "2148"]
[PlyCount "59"]
[EventDate "2017.10.22"]
[EventType "team-tourn"]
[EventCountry "GER"]
[WhiteTeam "Aue ESV Nickelhuette II"]
[BlackTeam "Dessau SK"]
[WhiteTeamCountry "GER"]
[BlackTeamCountry "GER"]

1. d4 Nf6 2. Nf3 g6 3. Nc3 Bg7 4. e4 d6 5. Be3 O-O 6. Qd2 c6 7. Bh6 b5 8. a3
Qa5 9. Bxg7 Kxg7 10. Bd3 Nbd7 11. h4 h5 12. e5 dxe5 13. dxe5 Ng4 14. e6 Nde5
15. Nxe5 Nxe5 16. exf7 Nxd3+ 17. Qxd3 Bf5 18. Qd4+ Kxf7 19. O-O-O Rad8 20. Qe5
Rxd1+ 21. Rxd1 Rd8 22. Rxd8 Qxd8 23. g3 Qd6 24. Qe3 Qe6 25. Qd2 a5 26. Nb1 a4
27. Nc3 Qc4 28. Qe1 Kf6 29. f3 Qc5 30. g4 1-0

[Event "Oberliga Ost A 2017 2018"]
[Site "Germany"]
[Date "2017.11.12"]
[Round "3.3"]
[White "Erler, Rainer"]
[Black "Schnabel, Ralf"]
[Result "0-1"]
[WhiteElo "2100"]
[BlackElo "2225"]
[PlyCount "104"]
[EventDate "2017.10.22"]
[EventType "team-tourn"]
[EventCountry "GER"]
[WhiteTeam "Dessau SK"]
[BlackTeam "Aue ESV Nickelhuette II"]
[WhiteTeamCountry "GER"]
[BlackTeamCountry "GER"]

1. e4 Nf6 2. Nc3 d5 3. e5 Ne4 4. Nxe4 dxe4 5. d4 exd3 6. Qxd3 Qxd3 7. Bxd3 Nc6
8. Bf4 g5 9. Bxg5 Nxe5 10. Be4 Bg7 11. O-O-O Nc4 12. b3 Nd6 13. Bf3 e5 14. Ne2
h5 15. Rhe1 Bg4 16. Ng1 f6 17. Bd2 Bh6 18. h3 Bxd2+ 19. Rxd2 Bxf3 20. Nxf3 Kf7
21. c4 Rad8 22. Red1 Ke6 23. Nh4 Rhg8 24. f4 Rde8 25. Re2 b6 26. Rf1 e4 27. f5+
Kf7 28. Rf4 Rg3 29. Kd2 Rd3+ 30. Kc2 Rg3 31. Kd2 Reg8 32. Rff2 Rd3+ 33. Kc2
Rgg3 34. Rf4 a5 35. Rd2 Rc3+ 36. Kb2 a4 37. Rc2 Rcd3 38. bxa4 Rd4 39. c5 Nc4+
40. Kc1 bxc5 41. a5 Ra3 42. Ng6 Rxa5 43. g4 Ne3 44. Rd2 Rc4+ 45. Kb1 hxg4 46.
hxg4 Rb4+ 47. Kc1 Rc4+ 48. Kb1 Nd5 49. Rf1 Rb5+ 50. Ka1 Rd4 51. Rb2 Rxb2 52.
Kxb2 e3 0-1

[Event "Oberliga Ost A 2017 2018"]
[Site "Germany"]
[Date "2017.11.12"]
[Round "3.4"]
[White "Haessler, Wolfgang"]
[Black "Leibovitch, Iziaslav"]
[Result "1/2-1/2"]
[WhiteElo "2178"]
[BlackElo "2125"]
[PlyCount "35"]
[EventDate "2017.10.22"]
[EventType "team-tourn"]
[EventCountry "GER"]
[WhiteTeam "Aue ESV Nickelhuette II"]
[BlackTeam "Dessau SK"]
[WhiteTeamCountry "GER"]
[BlackTeamCountry "GER"]

1. d4 Nf6 2. Bf4 g6 3. e3 Bg7 4. Nf3 d6 5. Be2 O-O 6. O-O Nbd7 7. h3 c5 8. c3
Re8 9. Bh2 b6 10. a4 a6 11. Nbd2 Bb7 12. Qb3 Bd5 13. Qc2 cxd4 14. cxd4 Rc8 15.
Qd3 Bb7 16. Rfc1 Rxc1+ 17. Rxc1 Qa8 18. Qb3 1/2-1/2

[Event "Oberliga Ost A 2017 2018"]
[Site "Germany"]
[Date "2017.11.12"]
[Round "3.5"]
[White "Ozeran, Volodymyr"]
[Black "Heinz, Juergen"]
[Result "1/2-1/2"]
[WhiteElo "2087"]
[BlackElo "2222"]
[PlyCount "49"]
[EventDate "2017.10.22"]
[EventType "team-tourn"]
[EventCountry "GER"]
[WhiteTeam "Dessau SK"]
[BlackTeam "Aue ESV Nickelhuette II"]
[WhiteTeamCountry "GER"]
[BlackTeamCountry "GER"]

1. d4 d5 2. Nf3 c6 3. g3 Bf5 4. Bg2 e6 5. O-O Nf6 6. c4 Nbd7 7. Nbd2 h6 8. b3
Be7 9. a4 O-O 10. Ba3 Bxa3 11. Rxa3 Qe7 12. Ra1 Ne4 13. Nxe4 Bxe4 14. Qd2 Rfe8
15. Qc3 Rac8 16. Rfc1 dxc4 17. Qxc4 e5 18. e3 Nb6 19. Qc5 Bxf3 20. Qxe7 Rxe7
21. Bxf3 exd4 22. a5 Nd7 23. exd4 a6 24. d5 Ne5 25. Bg2 1/2-1/2

[Event "Oberliga Ost A 2017 2018"]
[Site "Germany"]
[Date "2017.11.12"]
[Round "3.6"]
[White "Rosko, Lubos"]
[Black "Schaefer, Sven"]
[Result "1-0"]
[WhiteElo "2316"]
[BlackElo "2001"]
[PlyCount "73"]
[EventDate "2017.10.22"]
[EventType "team-tourn"]
[EventCountry "GER"]
[WhiteTeam "Aue ESV Nickelhuette II"]
[BlackTeam "Dessau SK"]
[WhiteTeamCountry "GER"]
[BlackTeamCountry "GER"]

1. e4 c5 2. Nf3 d6 3. d4 cxd4 4. Nxd4 Nf6 5. Nc3 g6 6. Be3 Bg7 7. f3 O-O 8. Qd2
Nc6 9. g4 Be6 10. Nxe6 fxe6 11. O-O-O Ne5 12. Be2 Qc8 13. h4 Nfd7 14. f4 Nc4
15. Bxc4 Qxc4 16. e5 d5 17. Kb1 b5 18. Ne2 Rfc8 19. Nd4 Nf8 20. h5 Qc7 21. hxg6
hxg6 22. Nxb5 Qb7 23. Nd4 Rab8 24. b3 Qc7 25. g5 a5 26. a4 Rb4 27. Nb5 Qb8 28.
Qd3 Rcc4 29. Ka2 Rxf4 30. Bxf4 Rxf4 31. Rde1 Rf5 32. Nd4 Rxg5 33. Nf3 Rf5 34.
Nh4 Rxe5 35. Nxg6 Rxe1 36. Rxe1 Qg3 37. Qxg3 1-0

[Event "Oberliga Ost A 2017 2018"]
[Site "Germany"]
[Date "2017.11.12"]
[Round "3.7"]
[White "Weder, Axel"]
[Black "Floeter, Frank"]
[Result "1/2-1/2"]
[WhiteElo "2061"]
[BlackElo "2123"]
[PlyCount "32"]
[EventDate "2017.10.22"]
[EventType "team-tourn"]
[EventCountry "GER"]
[WhiteTeam "Dessau SK"]
[BlackTeam "Aue ESV Nickelhuette II"]
[WhiteTeamCountry "GER"]
[BlackTeamCountry "GER"]

1. c4 g6 2. Nc3 Bg7 3. g3 c5 4. Bg2 Nc6 5. d3 e5 6. Nf3 Nge7 7. Bg5 f6 8. Bd2
d6 9. Qc1 Be6 10. h4 h5 11. e4 Qd7 12. a3 Bg4 13. Ne2 Rc8 14. O-O a6 15. b4 b5
16. cxb5 axb5 1/2-1/2

[Event "Oberliga Ost A 2017 2018"]
[Site "Germany"]
[Date "2017.11.12"]
[Round "3.8"]
[White "Vlckova, Katerina"]
[Black "Schneider, Jens Erik"]
[Result "1-0"]
[WhiteElo "1954"]
[BlackElo "1925"]
[PlyCount "113"]
[EventDate "2017.10.22"]
[EventType "team-tourn"]
[EventCountry "GER"]
[WhiteTeam "Aue ESV Nickelhuette II"]
[BlackTeam "Dessau SK"]
[WhiteTeamCountry "GER"]
[BlackTeamCountry "GER"]

1. d4 d5 2. c4 c6 3. Nf3 Nf6 4. Nbd2 e6 5. g3 Nbd7 6. Bg2 Bb4 7. O-O O-O 8. Qc2
Re8 9. a3 Bd6 10. Rd1 Bf8 11. b3 Rb8 12. e4 h6 13. e5 Nh7 14. Bb2 b6 15. Bf1
Be7 16. Bd3 Nhf8 17. Nf1 Bb7 18. Ne3 Rc8 19. Rac1 Nb8 20. Qe2 Rc7 21. Ne1 dxc4
22. bxc4 Rd7 23. Be4 f5 24. Bg2 Bg5 25. f4 Be7 26. N1c2 Na6 27. d5 Bc5 28. Kh1
cxd5 29. cxd5 Qa8 30. dxe6 Rxd1+ 31. Rxd1 Nxe6 32. Nxf5 Nac7 33. Nd6 Bxg2+ 34.
Qxg2 Qxg2+ 35. Kxg2 Rd8 36. Rd2 Nb5 37. Ne4 Rxd2+ 38. Nxd2 Kf7 39. Kf3 g5 40.
f5 Ned4+ 41. Bxd4 Bxd4 42. Nxd4 Nxd4+ 43. Ke4 Nc2 44. Nc4 Ke7 45. a4 Nb4 46.
Ne3 Na6 47. Nd5+ Kf8 48. Nc3 Ke7 49. Kd5 Nc5 50. a5 Nd7 51. f6+ Ke8 52. Kd6 Nc5
53. axb6 axb6 54. e6 Nb7+ 55. Ke5 Nc5 56. Nb5 Nd3+ 57. Kd6 1-0

[Event "Oberliga Ost A 2017 2018"]
[Site "Germany"]
[Date "2017.11.12"]
[Round "3.1"]
[White "Schubert, Thomas"]
[Black "Pietsch, Michael"]
[Result "1/2-1/2"]
[WhiteElo "2320"]
[BlackElo "2206"]
[PlyCount "58"]
[EventDate "2017.10.22"]
[EventType "team-tourn"]
[EventCountry "GER"]
[WhiteTeam "Leipzig SG"]
[BlackTeam "Coswig TuS"]
[WhiteTeamCountry "GER"]
[BlackTeamCountry "GER"]

1. d4 Nf6 2. Nf3 e6 3. c4 b6 4. a3 Ba6 5. Qc2 Bb7 6. Nc3 c5 7. e4 cxd4 8. Nxd4
Bc5 9. Nb3 Nc6 10. Bd3 O-O 11. O-O h6 12. Qe2 Qb8 13. Kh1 Be7 14. f4 d6 15. Be3
Re8 16. Rad1 Nd7 17. Bb1 Nf8 18. Rf3 Bf6 19. Rg3 Kh8 20. Qh5 Re7 21. f5 Ne5 22.
Nd4 Nh7 23. b3 a6 24. a4 Qd8 25. Rh3 Qf8 26. Nde2 exf5 27. exf5 Rae8 28. Bd4
Nd7 29. Bg1 Bg5 1/2-1/2

[Event "Oberliga Ost A 2017 2018"]
[Site "Germany"]
[Date "2017.11.12"]
[Round "3.2"]
[White "Schweitzer, Andreas"]
[Black "Hoffmann, Hendrik"]
[Result "1-0"]
[WhiteElo "2228"]
[BlackElo "2298"]
[PlyCount "97"]
[EventDate "2017.10.22"]
[EventType "team-tourn"]
[EventCountry "GER"]
[WhiteTeam "Coswig TuS"]
[BlackTeam "Leipzig SG"]
[WhiteTeamCountry "GER"]
[BlackTeamCountry "GER"]

1. e4 d6 2. d4 Nf6 3. Nc3 g6 4. f4 Bg7 5. Nf3 O-O 6. Be3 b6 7. Qd2 Bb7 8. e5
Ng4 9. O-O-O c5 10. dxc5 Nxe3 11. Qxe3 bxc5 12. h4 h5 13. f5 Nc6 14. fxg6 fxg6
15. exd6 exd6 16. Qe6+ Kh8 17. Qxg6 Qe8 18. Bd3 Qxg6 19. Bxg6 Ne5 20. Be4 Rab8
21. Bxb7 Rxb7 22. Rxd6 Nc4 23. Rd5 Bxc3 24. bxc3 Rfb8 25. Nd2 Na3 26. Rxh5+ Kg7
27. Rg5+ Kh7 28. Re1 Rb2 29. Re7+ Kh6 30. Re6+ Kh7 31. Re7+ Kh6 32. Rd5 Rxc2+
33. Kd1 Rb6 34. g4 Rxa2 35. Rde5 Ra1+ 36. Ke2 Rh1 37. R5e6+ Rxe6+ 38. Rxe6+ Kg7
39. Re7+ Kf6 40. Rxa7 Nb5 41. Ra6+ Ke5 42. Ke3 Nxc3 43. Nf3+ Kd5 44. g5 Rh3 45.
g6 Nb5 46. Kf4 Nd4 47. Nxd4 cxd4 48. g7 Rxh4+ 49. Kg3 1-0

[Event "Oberliga Ost A 2017 2018"]
[Site "Germany"]
[Date "2017.11.12"]
[Round "3.3"]
[White "Roesemann, Rainer"]
[Black "Hofmann, Rares"]
[Result "1-0"]
[WhiteElo "2208"]
[BlackElo "2229"]
[PlyCount "107"]
[EventDate "2017.10.22"]
[EventType "team-tourn"]
[EventCountry "GER"]
[WhiteTeam "Leipzig SG"]
[BlackTeam "Coswig TuS"]
[WhiteTeamCountry "GER"]
[BlackTeamCountry "GER"]

1. d4 d5 2. Bf4 Nf6 3. e3 c5 4. c3 Nc6 5. Nd2 Qb6 6. Qb3 Bf5 7. dxc5 Qxb3 8.
axb3 e5 9. Bg3 Bxc5 10. Ngf3 e4 11. Nd4 Bxd4 12. exd4 O-O 13. Be2 Rac8 14. h3
Rfe8 15. Nf1 Be6 16. Ne3 Nd7 17. Bg4 Nb6 18. O-O g6 19. Be2 f5 20. Bf4 Rf8 21.
h4 a6 22. g3 Bf7 23. Kh2 h5 24. b4 Nc4 25. Bxc4 dxc4 26. Rfe1 Rfe8 27. Kg1 Ne7
28. Ra5 Nc6 29. Ra4 Ne7 30. b5 axb5 31. Rb4 Nd5 32. Rxb5 Nxe3 33. Rxe3 Re7 34.
Ra5 Rd7 35. Re1 Rd5 36. Rea1 Rxa5 37. Rxa5 Rd8 38. Kf1 Bd5 39. Ke2 Kf7 40. Ke3
Ke6 41. Be5 Bc6 42. Ra3 Rd5 43. b4 cxb3 44. c4 b2 45. Rb3 Ra5 46. Kf4 Kf7 47.
d5 Bd7 48. Rxb2 Bc8 49. Rb4 Ra3 50. Bd4 Ra5 51. c5 Ra6 52. Ke5 Ke7 53. Be3 Kd7
54. d6 1-0

[Event "Oberliga Ost A 2017 2018"]
[Site "Germany"]
[Date "2017.11.12"]
[Round "3.4"]
[White "Mueller, Richard"]
[Black "Rausch, Stephan"]
[Result "0-1"]
[WhiteElo "2161"]
[BlackElo "2229"]
[PlyCount "134"]
[EventDate "2017.10.22"]
[EventType "team-tourn"]
[EventCountry "GER"]
[WhiteTeam "Coswig TuS"]
[BlackTeam "Leipzig SG"]
[WhiteTeamCountry "GER"]
[BlackTeamCountry "GER"]

1. d4 d5 2. c4 e6 3. Nc3 c6 4. cxd5 exd5 5. Bf4 Qb6 6. Qd2 Nf6 7. a3 Bf5 8. e3
Nbd7 9. Nf3 Be7 10. Be2 Ne4 11. Nxe4 Bxe4 12. O-O O-O 13. Bd3 Nf6 14. Ne5 Bd6
15. Nd7 Nxd7 16. Bxd6 Rfe8 17. Rad1 Re6 18. Bg3 Bxd3 19. Qxd3 Nf6 20. f3 Rae8
21. Rfe1 a6 22. Re2 Nh5 23. Be5 Rxe5 24. dxe5 Nf4 25. Qd2 Nxe2+ 26. Qxe2 Rxe5
27. Rd3 h6 28. Qd2 f5 29. Kh1 Qb5 30. h3 Kh7 31. Qc2 Qc4 32. Qd1 Qh4 33. Qd2
Qe7 34. Rb3 Qf7 35. Qd4 Re7 36. Rc3 Qg6 37. Rb3 Qe6 38. Rc3 Qe5 39. Qd2 Kh8 40.
Rd3 Kg8 41. Rc3 Rd7 42. Rd3 c5 43. b4 c4 44. Rd4 b5 45. Kg1 Kh7 46. Kf2 Rd6 47.
Qc2 Re6 48. Qd2 Qh2 49. Qc2 Qe5 50. Qd2 Rg6 51. f4 Qf6 52. Kf1 Qe6 53. Kf2 Qc6
54. Qc2 Rf6 55. Qc3 Re6 56. Qd2 Re4 57. Qc3 Rxd4 58. exd4 Qe6 59. h4 Qe4 60. g3
Kg6 61. Qd2 Qd3 62. Qe1 Qxd4+ 63. Kf1 Qe4 64. Qf2 d4 65. a4 c3 66. h5+ Kh7 67.
g4 c2 0-1

[Event "Oberliga Ost A 2017 2018"]
[Site "Germany"]
[Date "2017.11.12"]
[Round "3.5"]
[White "Schultz, Andreas"]
[Black "Escher, Thomas"]
[Result "1-0"]
[WhiteElo "2215"]
[BlackElo "2150"]
[PlyCount "127"]
[EventDate "2017.10.22"]
[EventType "team-tourn"]
[EventCountry "GER"]
[WhiteTeam "Leipzig SG"]
[BlackTeam "Coswig TuS"]
[WhiteTeamCountry "GER"]
[BlackTeamCountry "GER"]

1. d4 Nf6 2. c4 e6 3. Nc3 Bb4 4. e3 O-O 5. Bd3 d5 6. cxd5 exd5 7. Nge2 Re8 8.
Bd2 c6 9. Rc1 Bd6 10. Ng3 Nbd7 11. O-O Nb6 12. b3 g6 13. f3 Be6 14. a4 Qb8 15.
Nce2 Nfd7 16. e4 c5 17. e5 Bf8 18. f4 Bg4 19. h3 Bxe2 20. Nxe2 cxd4 21. a5 Nc8
22. Bb5 Rd8 23. Nxd4 a6 24. Bxd7 Rxd7 25. e6 fxe6 26. Qg4 Rf7 27. Qxe6 Ne7 28.
f5 Qe8 29. fxg6 hxg6 30. Rc7 Bg7 31. Bc3 Nf5 32. Qxd5 Qe3+ 33. Rf2 Qxf2+ 34.
Kxf2 Ne7+ 35. Qxf7+ Kxf7 36. Ne2 Bxc3 37. Nxc3 Rc8 38. Rxc8 Nxc8 39. Ke3 Ne7
40. b4 Ke6 41. Ke4 Nc8 42. Kd4 Kd6 43. Nd5 Ke6 44. Nf4+ Kf5 45. Nd3 b6 46. axb6
Nxb6 47. g3 Na8 48. Kd5 Nb6+ 49. Kc6 Nc4 50. Nc5 a5 51. b5 a4 52. Nxa4 Ke4 53.
g4 Kf4 54. Kd5 Na5 55. Ke6 Kg5 56. b6 Nb7 57. Nc3 Nd8+ 58. Ke7 Nc6+ 59. Kf7
Nd8+ 60. Kg7 Ne6+ 61. Kh7 Nf8+ 62. Kg8 Nd7 63. b7 Kh4 64. Kf7 1-0

[Event "Oberliga Ost A 2017 2018"]
[Site "Germany"]
[Date "2017.11.12"]
[Round "3.6"]
[White "Klawa, Patrick"]
[Black "Gempe, Thomas"]
[Result "0-1"]
[WhiteElo "2163"]
[BlackElo "2196"]
[PlyCount "120"]
[EventDate "2017.10.22"]
[EventType "team-tourn"]
[EventCountry "GER"]
[WhiteTeam "Coswig TuS"]
[BlackTeam "Leipzig SG"]
[WhiteTeamCountry "GER"]
[BlackTeamCountry "GER"]

1. e4 c5 2. Nc3 a6 3. Nge2 e6 4. g3 b5 5. Bg2 Bb7 6. O-O d6 7. d4 cxd4 8. Nxd4
Nf6 9. Re1 Qc7 10. Bg5 Be7 11. Bxf6 gxf6 12. Nd5 exd5 13. exd5 Nd7 14. Qh5 Ne5
15. Ne6 Qb6 16. Ng7+ Kd8 17. Re2 Bc8 18. h3 Ra7 19. Kh2 Kc7 20. f4 Ng6 21. Nf5
Bxf5 22. Qxf5 Kb8 23. Rae1 Qd8 24. h4 h5 25. Bh3 Rc7 26. Qd3 Rg8 27. Bf5 Qf8
28. a4 Rb7 29. axb5 axb5 30. Ra1 Bd8 31. b3 Ne7 32. c3 Qg7 33. Bh3 Bb6 34. Ra6
Nc8 35. Bxc8 Rxc8 36. Rea2 Qg6 37. Qc2 Qg4 38. Qd3 Qd7 39. c4 b4 40. f5 Re8 41.
Ra8+ Kc7 42. Rxe8 Qxe8 43. Re2 Qd8 44. Re4 Bc5 45. Qe2 Kb6 46. Qxh5 Re7 47. Qe2
Re5 48. Rxe5 fxe5 49. Kh3 Qe7 50. Qe4 f6 51. g4 Qg7 52. Qf3 Qh6 53. g5 fxg5 54.
h5 e4 55. Qxe4 Qxh5+ 56. Kg3 Bg1 57. c5+ Bxc5 58. Qe7 Qh4+ 59. Kg2 Qf2+ 60. Kh3
Qxf5+ 0-1

[Event "Oberliga Ost A 2017 2018"]
[Site "Germany"]
[Date "2017.11.12"]
[Round "3.7"]
[White "Dietze, Frank"]
[Black "Merker, Matthias"]
[Result "1/2-1/2"]
[WhiteElo "2098"]
[BlackElo "2133"]
[PlyCount "33"]
[EventDate "2017.10.22"]
[EventType "team-tourn"]
[EventCountry "GER"]
[WhiteTeam "Leipzig SG"]
[BlackTeam "Coswig TuS"]
[WhiteTeamCountry "GER"]
[BlackTeamCountry "GER"]

1. d4 Nf6 2. c4 e6 3. g3 Bb4+ 4. Bd2 Bxd2+ 5. Nxd2 O-O 6. Bg2 d5 7. Ngf3 c5 8.
dxc5 Na6 9. Rc1 Nxc5 10. O-O Qe7 11. Ne5 Rd8 12. Qc2 Ncd7 13. Ndf3 Nxe5 14.
Nxe5 Qd6 15. Nd3 Bd7 16. cxd5 Nxd5 17. Qb3 1/2-1/2

[Event "Oberliga Ost A 2017 2018"]
[Site "Germany"]
[Date "2017.11.12"]
[Round "3.8"]
[White "Piotraschke, Jens"]
[Black "Schoetzig, Andreas"]
[Result "1/2-1/2"]
[WhiteElo "2145"]
[BlackElo "2200"]
[PlyCount "58"]
[EventDate "2017.10.22"]
[EventType "team-tourn"]
[EventCountry "GER"]
[WhiteTeam "Coswig TuS"]
[BlackTeam "Leipzig SG"]
[WhiteTeamCountry "GER"]
[BlackTeamCountry "GER"]

1. d4 Nf6 2. Nf3 d5 3. c4 c6 4. e3 Bf5 5. Qb3 Qb6 6. c5 Qc7 7. Nh4 Bxb1 8. Rxb1
e5 9. Nf5 e4 10. Bd2 g6 11. Ng3 h5 12. Qa4 Nbd7 13. b4 Be7 14. b5 h4 15. Ne2
Bxc5 16. bxc6 bxc6 17. dxc5 Nxc5 18. Ba5 Qd6 19. Bb4 Rb8 20. Nc3 Nxa4 21. Bxd6
Rxb1+ 22. Nxb1 Kd7 23. Be5 Ke6 24. Bxf6 Kxf6 25. Be2 Rb8 26. O-O Rb2 27. Bd1
Rxa2 28. Bxa4 Rxa4 29. Rc1 Ra6 1/2-1/2

[Event "Oberliga Ost A 2017 2018"]
[Site "Germany"]
[Date "2017.11.12"]
[Round "3.1"]
[White "Zwahr, Paul"]
[Black "Puls, Thomas"]
[Result "1/2-1/2"]
[WhiteElo "2306"]
[BlackElo "2220"]
[PlyCount "119"]
[EventDate "2017.10.22"]
[EventType "team-tourn"]
[EventCountry "GER"]
[WhiteTeam "Dresden SG Gruen Weiss"]
[BlackTeam "Halle USV"]
[WhiteTeamCountry "GER"]
[BlackTeamCountry "GER"]

1. e4 c5 2. Nf3 Nc6 3. d4 cxd4 4. Nxd4 Nf6 5. Nc3 e5 6. Ndb5 d6 7. Bg5 a6 8.
Na3 b5 9. Nd5 Be7 10. Bxf6 Bxf6 11. c3 Bg5 12. Nc2 Rb8 13. a4 bxa4 14. Ncb4
Nxb4 15. cxb4 Bd7 16. Bxa6 O-O 17. Rxa4 f5 18. exf5 Bxa4 19. Qxa4 Rxf5 20. O-O
e4 21. Qc6 Kh8 22. g3 Bd2 23. b5 Qg5 24. h4 Qd8 25. b6 e3 26. fxe3 Rxd5 27.
Qxd5 Bxe3+ 28. Kh1 Qxb6 29. Bd3 Qd4 30. Qb7 Rg8 31. Be4 Qe5 32. Kh2 Bh6 33. Rf2
g6 34. b4 Rf8 35. Rxf8+ Bxf8 36. Qf7 Qe7 37. Qd5 Qe5 38. Qf7 Qe7 39. Qf3 Kg7
40. b5 Qf6 41. Qb3 d5 42. Qxd5 h5 43. Kh3 Bd6 44. b6 Qe5 45. Qd3 Qe6+ 46. Kg2
Qa2+ 47. Kf3 Qf7+ 48. Kg2 Qa2+ 49. Kh1 Qa1+ 50. Kh2 Qb2+ 51. Kh3 Qf6 52. b7
Qe6+ 53. Kg2 Bb8 54. Qd4+ Kh7 55. Qe3 Qd6 56. Qg5 Kg7 57. Bf3 Qf6 58. Be4 Qd6
59. Bf3 Qf6 60. Be4 1/2-1/2

[Event "Oberliga Ost A 2017 2018"]
[Site "Germany"]
[Date "2017.11.12"]
[Round "3.2"]
[White "Hoepfl, Thomas"]
[Black "Siedentopf, Daniel"]
[Result "1-0"]
[WhiteElo "2276"]
[BlackElo "2268"]
[PlyCount "119"]
[EventDate "2017.10.22"]
[EventType "team-tourn"]
[EventCountry "GER"]
[WhiteTeam "Halle USV"]
[BlackTeam "Dresden SG Gruen Weiss"]
[WhiteTeamCountry "GER"]
[BlackTeamCountry "GER"]

1. e4 e6 2. d4 d5 3. Nc3 Bb4 4. e5 Ne7 5. a3 Bxc3+ 6. bxc3 c5 7. Qg4 O-O 8. Bd3
Nbc6 9. Bg5 Qa5 10. Ne2 cxd4 11. f4 b6 12. Qh5 Ng6 13. O-O Ba6 14. Rf3 Bxd3 15.
cxd3 dxc3 16. Rh3 h6 17. Bxh6 gxh6 18. Qxh6 Rfc8 19. f5 exf5 20. Nf4 Qc5+ 21.
Kh1 Qe7 22. Nxg6 fxg6 23. Qh8+ Kf7 24. Rh7+ Ke6 25. Rxe7+ Nxe7 26. Qf6+ Kd7 27.
Qd6+ Ke8 28. e6 c2 29. Rc1 Kf8 30. Qe5 Kg8 31. Qe2 Kg7 32. h3 Kf6 33. d4 Nc6
34. Qf2 Re8 35. Qh4+ Kg7 36. Rxc2 Rxe6 37. Qg3 Rf8 38. Rf2 Rff6 39. Qb3 Nxd4
40. Qxd5 Rd6 41. Qa8 Rf7 42. Rd2 Rfd7 43. Qe8 Rd8 44. Qe7+ Kh6 45. Qxa7 Re8 46.
Qb7 Re4 47. Rd3 Rde6 48. Qd5 Ne2 49. Qd8 Re7 50. Rd6 R4e6 51. Rxb6 Ng3+ 52. Kh2
f4 53. Qh8+ Kg5 54. h4+ Kf5 55. Qf8+ Kg4 56. Qc8 Kf5 57. Kh3 Re8 58. Qd7 Ne4
59. Qd5+ Kf6 60. Qxe4 1-0

[Event "Oberliga Ost A 2017 2018"]
[Site "Germany"]
[Date "2017.11.12"]
[Round "3.3"]
[White "Gehmlich, Marcel"]
[Black "Becker, Michael"]
[Result "1/2-1/2"]
[WhiteElo "2187"]
[BlackElo "2286"]
[PlyCount "128"]
[EventDate "2017.10.22"]
[EventType "team-tourn"]
[EventCountry "GER"]
[WhiteTeam "Dresden SG Gruen Weiss"]
[BlackTeam "Halle USV"]
[WhiteTeamCountry "GER"]
[BlackTeamCountry "GER"]

1. c4 c5 2. Nc3 Nc6 3. g3 g6 4. Bg2 Bg7 5. e3 e5 6. Nge2 Nge7 7. O-O O-O 8. Nd5
Nxd5 9. cxd5 Ne7 10. d4 exd4 11. exd4 cxd4 12. Nxd4 d6 13. Bg5 h6 14. Be3 Nf5
15. Nxf5 Bxf5 16. Bd4 Rc8 17. Bxg7 Kxg7 18. Rc1 Rxc1 19. Qxc1 Qa5 20. Qf4 Re8
21. g4 Bd7 22. Qxd6 Bxg4 23. Qf4 Bf5 24. Qd4+ Kg8 25. d6 Re2 26. b4 Qd8 27. a4
Qg5 28. h4 Rd2 29. Qxa7 Qxh4 30. Qb8+ Kg7 31. Qxb7 Rxd6 32. a5 Rd4 33. Qf3 Be4
34. Qg3 Bxg2 35. Qxh4 Rxh4 36. Kxg2 Rxb4 37. Ra1 Rb7 38. Kf3 Kf6 39. Ke4 Ke6
40. Kd4 Kd6 41. Kc4 Kc6 42. f4 Re7 43. f5 gxf5 44. Rh1 Re4+ 45. Kd3 Ra4 46.
Rxh6+ Kd5 47. a6 Ra3+ 48. Ke2 Ke5 49. Rb6 f4 50. Rb7 f6 51. a7 Ke4 52. Re7+ Kf5
53. Kf2 Ra4 54. Kf3 Ra3+ 55. Kf2 Kg6 56. Rb7 f5 57. Rc7 Kg5 58. Rg7+ Kf6 59.
Rb7 Ke5 60. Re7+ Kf6 61. Rb7 f3 62. Kg3 Kg5 63. Rg7+ Kf6 64. Rb7 Kg5 1/2-1/2

[Event "Oberliga Ost A 2017 2018"]
[Site "Germany"]
[Date "2017.11.12"]
[Round "3.4"]
[White "Reipsch, Jens"]
[Black "Schnoor, Ekkehard"]
[Result "1/2-1/2"]
[WhiteElo "2242"]
[BlackElo "2173"]
[PlyCount "31"]
[EventDate "2017.10.22"]
[EventType "team-tourn"]
[EventCountry "GER"]
[WhiteTeam "Halle USV"]
[BlackTeam "Dresden SG Gruen Weiss"]
[WhiteTeamCountry "GER"]
[BlackTeamCountry "GER"]

1. e4 c5 2. Nf3 d6 3. c3 Nf6 4. Qc2 Qc7 5. a4 g6 6. Na3 Bg7 7. Nb5 Qd8 8. d4 a6
9. Na3 cxd4 10. Nxd4 O-O 11. Be2 e5 12. Nf3 d5 13. exd5 Bf5 14. Qb3 Qxd5 15.
Qxd5 Nxd5 16. Nc4 1/2-1/2

[Event "Oberliga Ost A 2017 2018"]
[Site "Germany"]
[Date "2017.11.12"]
[Round "3.5"]
[White "Zimmermann, Rene"]
[Black "Hartge, Gedeon"]
[Result "1/2-1/2"]
[WhiteElo "2173"]
[BlackElo "2144"]
[PlyCount "27"]
[EventDate "2017.10.22"]
[EventType "team-tourn"]
[EventCountry "GER"]
[WhiteTeam "Dresden SG Gruen Weiss"]
[BlackTeam "Halle USV"]
[WhiteTeamCountry "GER"]
[BlackTeamCountry "GER"]

1. d4 Nf6 2. Nf3 c5 3. c3 g6 4. Bf4 Bg7 5. Nbd2 O-O 6. e4 cxd4 7. cxd4 d5 8.
Bxb8 Rxb8 9. e5 Ne4 10. Bd3 Nxd2 11. Qxd2 f6 12. exf6 Bxf6 13. O-O Bg4 14. Be2
1/2-1/2

[Event "Oberliga Ost A 2017 2018"]
[Site "Germany"]
[Date "2017.11.12"]
[Round "3.6"]
[White "Schulte, Felix"]
[Black "Hutsch, Oliver"]
[Result "0-1"]
[WhiteElo "1967"]
[BlackElo "2161"]
[PlyCount "78"]
[EventDate "2017.10.22"]
[EventType "team-tourn"]
[EventCountry "GER"]
[WhiteTeam "Halle USV"]
[BlackTeam "Dresden SG Gruen Weiss"]
[WhiteTeamCountry "GER"]
[BlackTeamCountry "GER"]

1. d4 Nf6 2. c4 e6 3. Nc3 d5 4. Bg5 Be7 5. cxd5 exd5 6. e3 c6 7. Bd3 O-O 8. Qc2
Nbd7 9. h3 Re8 10. Nf3 Nf8 11. Bf4 Ng6 12. Bh2 Bd6 13. Bxd6 Qxd6 14. O-O Bd7
15. b4 b6 16. Rab1 Rac8 17. Rfc1 Re7 18. a4 Rce8 19. b5 c5 20. dxc5 bxc5 21.
Qd2 Ne5 22. Nxe5 Rxe5 23. Bf1 Bf5 24. Rb2 Qd8 25. a5 R5e6 26. Rd1 Rd6 27. b6
axb6 28. axb6 d4 29. Na4 Ne4 30. Qa5 dxe3 31. Rxd6 Qxd6 32. fxe3 Qg3 33. Kh1
Nf2+ 34. Rxf2 Qxf2 35. Qb5 Rxe3 36. Nxc5 Re1 37. Kh2 Qxf1 38. Qc6 Qf4+ 39. g3
Re2+ 0-1

[Event "Oberliga Ost A 2017 2018"]
[Site "Germany"]
[Date "2017.11.12"]
[Round "3.1"]
[White "Wegener, Dirk"]
[Black "Schmidt Schaeffer, Sebastian"]
[Result "1-0"]
[WhiteElo "2373"]
[BlackElo "2373"]
[PlyCount "79"]
[EventDate "2017.10.22"]
[EventType "team-tourn"]
[EventCountry "GER"]
[WhiteTeam "Dresden USV TU II"]
[BlackTeam "Naumburger SV"]
[WhiteTeamCountry "GER"]
[BlackTeamCountry "GER"]

1. e4 e5 2. Nf3 d6 3. d4 exd4 4. Nxd4 Nf6 5. Nc3 Be7 6. Bc4 O-O 7. O-O c6 8. a4
a5 9. Re1 Na6 10. Qf3 Ng4 11. Nf5 Ne5 12. Nxe7+ Qxe7 13. Qe2 Nxc4 14. Qxc4 Nb4
15. Qe2 f5 16. b3 Qf6 17. Bb2 fxe4 18. Rab1 Qg6 19. Nxe4 Bf5 20. f3 Rae8 21.
Qd2 d5 22. Ng3 Bxc2 23. Rxe8 Rxe8 24. Re1 Rxe1+ 25. Qxe1 Nd3 26. Qxa5 Nxb2 27.
Qa8+ Kf7 28. Qxb7+ Kf8 29. Qb4+ Ke8 30. Qb8+ Kd7 31. Qb7+ Kd6 32. Qb8+ Ke6 33.
Qc8+ Ke5 34. a5 Qd6 35. Qe8+ Kf6 36. Nh5+ Kg5 37. h4+ Kxh4 38. Nxg7 Bg6 39. Qe3
Qf6 40. Qh6+ 1-0